000 01012nam2a2200241 4500
001 RU\NLR\BIBL_A\022209519
005 20250625161127.0
035 _a(NLR Aleph) 022209519
090 _a13069121
_c13069121
100 _a20081111d1913 |||y0rusy50 ca
101 0 _arus
102 _aRU
105 _ay zw 000yy
200 1 _aПлач о грехах
210 _d[1913]
_aБ. м.
215 _a2 с.
300 _aГод изд. установлен по дате получения обязат. экз.
461 0 _1001v19\rc\2065452
_12001#$aАфоно-Ильинский листок$v[1913 г.], № 82
_94806829
_c[Одесса]
_d1899-[1915]
_fиздание русскаго Св.-Ильинскаго скита на Афоне
_nпечатано в типографии Епархиальн. Дома
_tАфоно-Ильинский листок
_v[1913 г.], № 82
852 _aNLR
_j20.37.9.352(1913-82)
942 _cBOOK
980 _aNB